000 00925nmc a2200337 a 4500
003 AR-BaBNM
005 20251128204805.0
008 035019s1994 ||||||||||||||000 | spa||
020 _a84-7676-286-0
040 _cAR-BaBNM
100 1 _aReguero Oxinalde, Miguel del
245 1 0 _aEcoturismo
_bnuevas formas de turismo en el espacio rural
250 _a1ª ed.
260 _aBarcelona
_bBosch
_c1994
300 0 _a310 p.
_bil., tablas, gráfs., mapas
490 0 _aBosch Turismo
504 _aBibliografía: p. 305-306
650 4 _aTURISMO
650 4 _aMEDIO RURAL
650 4 _aECOLOGIA
650 4 _aINSTALACIONES TURISTICAS
650 4 _aRESERVAS NATURALES
650 4 _aPARQUES NACIONALES
650 4 _aINFRAESTRUCTURA DEL TURISMO
650 4 _aZONAS TURISTICAS
650 4 _aACTIVIDADES AL AIRE LIBRE
651 4 _aEspaña
653 0 _aPOLITICA TURISTICA
942 _cBK
998 _cenrique
999 _c8840
_d8840